[Event "88th Tata Steel Masters"]
[Site "Wijk aan Zee NED"]
[Date "2026.01.28"]
[Round "10.5"]
[White "Abdusattorov, Nodirbek"]
[Black "Fedoseev, Vladimir3"]
[Result "1/2-1/2"]
[WhiteTitle "GM"]
[BlackTitle "GM"]
[WhiteElo "2751"]
[BlackElo "2705"]
[WhiteFideId "14204118"]
[BlackFideId "24130737"]
[EventDate "2026.01.17"]

1. e4 e5 2. Nf3 Nf6 3. Nxe5 d6 4. Nf3 Nxe4 5. d4 d5 6. Bd3 Bd6 7. O-O O-O 8. c4
c6 9. Qc2 Nd7 10. Nc3 Ndf6 11. Re1 Be6 12. c5 Bc7 13. Ne5 Re8 14. h3 g6 15. Bh6
Bf5 16. g4 Be6 17. f3 Bxe5 18. dxe5 Nxc5 19. Bg5 Nxd3 20. Qxd3 Qb6+ 21. Kg2
Qxb2+ 22. Re2 Qxa1 23. Qd2 Nd7 24. Re1 Qxe1 25. Qxe1 f6 26. exf6 Bxg4 27. Qb1
Be6 28. Qxb7 Kf7 29. Kg3 h6 30. Bf4 g5 31. Bc7 Kg6 32. f7 Bxf7 33. Qxc6+ Nf6 34.
Nb5 a6 35. Nd6 Re2 36. Nxf7 Ra7 37. f4 Kxf7 38. Qb6 Ra8 39. Bd8 gxf4+ 40. Kxf4
Nd7 41. Qc7 Re4+ 42. Kg3 Ke8 43. Bh4 Re6 44. Qb7 Rb8 45. Qxd5 Nf8 46. Bf6 Kf7
47. Bd4 Re8 48. a4 Nh7 49. a5 Nf6 50. Qc4 Rg8+ 51. Kh2 Rg5 52. Qc7+ Kg6 53. Qc2+
Kf7 54. Qc7+ Kg6 1/2-1/2

[Event "88th Tata Steel Masters"]
[Site "Wijk aan Zee NED"]
[Date "2026.02.01"]
[Round "13.2"]
[White "Bluebaum, Matthias"]
[Black "Erdogmus, Yagiz Kaan"]
[Result "1/2-1/2"]
[WhiteTitle "GM"]
[BlackTitle "GM"]
[WhiteElo "2679"]
[BlackElo "2658"]
[WhiteFideId "24651516"]
[BlackFideId "44599790"]
[EventDate "2026.01.17"]

1. d4 d5 2. c4 e6 3. Nc3 c6 4. e3 Nf6 5. Nf3 Nbd7 6. Qc2 Bd6 7. Bd3 O-O 8. O-O
e5 9. cxd5 cxd5 10. Nb5 Bb8 11. dxe5 Nxe5 12. Nxe5 Bxe5 13. Bd2 a6 14. Bc3 Bxc3
15. Nxc3 d4 16. Ne4 h6 17. Rad1 dxe3 18. Bc4 Qe7 19. Nxf6+ Qxf6 20. fxe3 Qe7 21.
Rxf7 Rxf7 22. Qg6 Bg4 23. Rf1 Rf8 24. Bxf7+ Rxf7 25. Rxf7 Qxf7 26. Qxg4 Qxa2 27.
Qc8+ Kh7 28. Qxb7 Qb1+ 29. Kf2 Qc2+ 30. Kg3 Qg6+ 31. Kf4 Qg5+ 32. Kf3 Qf5+ 33.
Kg3 Qg6+ 34. Kf2 Qc2+ 35. Kg3 Qg6+ 36. Kf2 Qc2+ 37. Kg3 1/2-1/2